Manželská sexualita

Bibliographic Details
Main Author: Pondělíčková-Mašlová, Jaroslava, 1927- (Author)
Other Authors: Erazim, Milan (Illustrator)
Format: Book
Language:Czech
PhysicalDescription:207, [1] s. 20 cm
Published: Praha Avicenum 1991
ISBN:802010111X
Edition:2. vyd.
Series:Rodinný kruh
Subjects:

MARC

LEADER 00000nam a2200000 a 4500
001 vtls001126221
003 SK-MaSNL
005 20260301111638.0
008 250414s1991 CS 0 cze
020 |a 802010111X 
035 |a SNK000069070 
040 |a SNK  |b slo  |c SNK  |e AACR2 
041 0 |a cze 
044 |a [CS] 
080 |a 613.89  |2 1981 
080 |a 613.88  |2 1981 
080 |a 392.6  |2 1981 
100 1 |a Pondělíčková-Mašlová, Jaroslava,  |d 1927-  |4 aut  |9 118821 
245 1 0 |a Manželská sexualita  |c Jaroslava Pondělíčková-Mašlová ; Ilustr. Milan Erazim 
250 |a 2. vyd. 
260 |a Praha  |b Avicenum  |c 1991 
300 |a 207, [1] s.  |c 20 cm 
490 0 |a Rodinný kruh 
650 0 7 |a manželstvo  |2 SNKPH  |9 659 
650 0 7 |a sexualita  |2 SNKPH  |9 1946 
700 1 |a Erazim, Milan  |4 ill  |9 61242 
852 |a Slovenská národná knižnica 
919 |a 80-201-0111-X 
954 |a manželstvo  |a sexualita 
999 |c 707821  |d 709751 
952 |t P60, <04>, [BOOK], {604}  |a SNK  |b SNK  |y VYP  |7 0  |p 17A0204709  |o snkIC 117266 D1  |0 0  |1 0  |4 0  |d 1999-07-26  |l 0  |r 2004-12-31 00:00:00  |w 2026-02-23 
952 |t P60, <04>, [BOOK], {604}  |a SNK  |b SNK  |y VYP  |7 0  |p 17A0259790  |o snkIC 117266  |0 0  |1 0  |4 0  |d 2000-11-28  |l 0  |r 2004-12-31 00:00:00  |w 2026-02-23